000
00330nam a2200145Ia 4500
003
OSt
005
20240213111716.0
008
170524s9999 xx 000 0 und d
020
_a
9383182059
040
_c
IIMT
100
_a
SHARMA- A
245
0
_a
AUTOMOBILE ENGINEERING
260
_b
NEW DELHI: VAYU EDUCATION
942
_2
ddc
_c
02
999
_c
7579
_d
7579